<?xml version="1.0" encoding="UTF-8"?>
<marc:record xmlns:marc="http://www.loc.gov/MARC21/slim">
   <marc:leader>00000nam a2200000 a 4500</marc:leader>
   <marc:datafield ind1="1" ind2=" " tag="100">
      <marc:subfield code="a">Wolfsgruber, Linda</marc:subfield>
      <marc:subfield code="4">aut</marc:subfield>
      <marc:subfield code="e">Verfasser/-in</marc:subfield>
   </marc:datafield>
   <marc:datafield ind1="0" ind2="0" tag="245">
      <marc:subfield code="a">Daisy ist ein Gänseblümchen</marc:subfield>
   </marc:datafield>
   <marc:datafield ind1="0" ind2="0" tag="245">
      <marc:subfield code="c">Linda Wolfsgruber</marc:subfield>
   </marc:datafield>
   <marc:datafield ind1=" " ind2="1" tag="264">
      <marc:subfield code="a">Wien</marc:subfield>
      <marc:subfield code="b">Jungbrunnen</marc:subfield>
      <marc:subfield code="c">2009</marc:subfield>
   </marc:datafield>
   <marc:datafield ind1="1" ind2=" " tag="520">
      <marc:subfield code="a">"Du bist wie eine Blume“ beginnt eines der schönsten Liebesgedichte von Heinrich Heine, das von Franz Liszt, Robert Schumann und Hugo Wolf vertont wurde. Wie eine Blume sind auch die Mädchen bei Linda Wolfsgruber, die sie hier illustratorisch bei ihrem Namen ruft.   19 Blumen, die in ihrem jeweiligen Kulturkreis als Mädchennamen gelten, werden von der Künstlerin aufgegriffen und in  eigener illustratorischer Umsetzung vorgestellt. Auf unterschiedliche Art und Weise verschmelzen, verbinden und verwandeln sich Mädchen und Blume in Wolfsgrubers Vorstellungswelt.   In knappen Worten wird die Information dazugestellt, und so liest man, dass 'Gül“ im Türkischen für 'Rose“ steht, 'Nurit“ im Hebräischen die Butterblume bezeichnet, 'Kielo“ im Finnischen 'Maiglöckchen“ bedeutet und die Kirschblüte im Japanischen 'Sakura“ heißt.   Das Unterscheidende erfährt man, das Gemeinsame erspürt man. Im Hintergrund und ohne Worte erzählt nämlich dieses Bilderbuch mit seiner originellen Idee die gemeinsame Geschichte der Menschen, die allesamt von der Schönheit der Natur und der Blumen träumen und diese Schönheit in den Mädchen wiederfinden. Und wo sich Menschen unterschiedlicher Kulturen in einem gemeinsamen Traum wiederfinden, könnte ja das Gespräch beginnen. Zum Beispiel mit diesem Buch, das in seiner offenen Form zum Weitersuchen, Weiterzeichnen und Weitersprechen einlädt.   Allen Bibliotheken empfohlen, für Kindergärten und Volksschulen ein hervorragender Einstieg in interkulturelle Themenwelten.   *bn* Reinhard Ehgartner</marc:subfield>
   </marc:datafield>
   <marc:datafield ind1=" " ind2=" " tag="020">
      <marc:subfield code="a">9783702658083</marc:subfield>
      <marc:subfield code="9">9783702658083</marc:subfield>
   </marc:datafield>
   <marc:datafield ind1=" " ind2=" " tag="041">
      <marc:subfield code="a">ger</marc:subfield>
   </marc:datafield>
   <marc:datafield ind1="1" ind2=" " tag="521">
      <marc:subfield code="a">0</marc:subfield>
   </marc:datafield>
   <marc:datafield ind1=" " ind2=" " tag="300">
      <marc:subfield code="a">[14] Bl. : überw. Il</marc:subfield>
   </marc:datafield>
</marc:record>
